|
|
|
|
| LEADER |
00000cam a22000004a 4500 |
| 001 |
musev2_35490 |
| 003 |
MdBmJHUP |
| 005 |
20230905043731.0 |
| 006 |
m o d |
| 007 |
cr||||||||nn|n |
| 008 |
920903r19931974nju o 00 0 eng d |
| 020 |
|
|
|a 9781400863204
|
| 020 |
|
|
|z 9780691636740
|
| 020 |
|
|
|z 9780691020884
|
| 020 |
|
|
|z 9780691608273
|
| 035 |
|
|
|a (OCoLC)933515678
|
| 040 |
|
|
|a MdBmJHUP
|c MdBmJHUP
|
| 245 |
0 |
4 |
|a The Pre-Socratics :
|b A Collection of Critical Essays /
|c edited by Alexander P.D. Mourelatos.
|
| 250 |
|
|
|a Revised edition.
|
| 264 |
|
1 |
|a Princeton, New Jersey :
|b Princeton University Press,
|c 1993.
|
| 264 |
|
3 |
|a Baltimore, Md. :
|b Project MUSE,
|c 2016
|
| 264 |
|
4 |
|c ©1993.
|
| 300 |
|
|
|a 1 online resource (608 pages):
|b illustrations
|
| 336 |
|
|
|a text
|b txt
|2 rdacontent
|
| 337 |
|
|
|a computer
|b c
|2 rdamedia
|
| 338 |
|
|
|a online resource
|b cr
|2 rdacarrier
|
| 490 |
0 |
|
|a Princeton legacy library
|
| 490 |
0 |
|
|a Princeton paperbacks
|
| 500 |
|
|
|a Originally published: Garden City, N.Y. : Anchor Press, 1974. (Modern studies in philosophy).
|
| 588 |
|
|
|a Description based on print version record.
|
| 650 |
|
7 |
|a Philosophy, Ancient.
|2 fast
|0 (OCoLC)fst01060860
|
| 650 |
|
7 |
|a PHILOSOPHY
|x History & Surveys
|x Ancient & Classical.
|2 bisacsh
|
| 650 |
|
6 |
|a Philosophie ancienne.
|
| 650 |
|
0 |
|a Philosophy, Ancient.
|
| 655 |
|
7 |
|a Electronic books.
|2 local
|
| 700 |
1 |
|
|a Mourelatos, Alexander P. D.,
|d 1936-
|e editor.
|
| 710 |
2 |
|
|a Project Muse.
|e distributor
|
| 830 |
|
0 |
|a Book collections on Project MUSE.
|
| 856 |
4 |
0 |
|z Texto completo
|u https://projectmuse.uam.elogim.com/book/35490/
|
| 945 |
|
|
|a Project MUSE - Custom Collection
|
| 945 |
|
|
|a Project MUSE - Archive Complete Supplement IV
|
| 945 |
|
|
|a Project MUSE - Archive Philosophy and Religion Supplement IV
|